000 01002nam a22002171i 4500
001 181130
003 ES-MaACL
005 20251122115934.0
008 121023s1909 sp |||| | spa d
100 1 _aGarcía y García, Elisa.
_9151701
245 1 3 _aLa exposición franco-británica y las escuelas de Londres /
_cpor Elisa García y García.
260 _a[Madrid :
_bJunta para Ampliación de Estudios e Investigaciones Científicas,
_c1909]
300 _aP. 201-253 ;
_c23 cm.
490 1 _aAnales de la Junta para Ampliación de Estudios e Investigaciones Científicas ;
_vt. 1, memoria 5
611 2 7 _aExposición Franco-Británica
_d(1908.
_cLondres)
_2
_9151702
650 4 _aEnseñanza-
_zGran Bretaña.
_9151700
710 2 _aJunta para la Ampliación de Estudios e Investigaciones Científicas.
_95413
830 0 _aAnales de la Junta para Ampliación de Estudios e Investigaciones Científicas ;
_vt. 1, memoria 5
_9186710
852 _aES-MaACL
_jB-13157(5)
999 _c181130
_d181130